East China - Biggest Cities - Statistics

General Stats
  • This quiz has been taken 44 times
  • The average score is 24 of 84
Answer Stats
Province City % Correct
Shanghai Shanghai
95%
Jiangsu Nanjing
89%
Zhejiang Hangzhou
79%
Jiangsu Suzhou
79%
Anhui Suzhou
79%
Fujian Xiamen
79%
Shandong Qingdao
74%
Jiangsu Wuxi
74%
Fujian Fuzhou
68%
Anhui Hefei
68%
Zhejiang Wenzhou
68%
Jiangsu Changzhou
58%
Jiangxi Nanchang
58%
Zhejiang Ningbo
58%
Jiangsu Taizhou
58%
Zhejiang Taizhou
58%
Shandong Jinan
53%
Jiangsu Nantong
53%
Anhui Wuhu
53%
Jiangsu Xuzhou
53%
Jiangsu Yangzhou
47%
Shandong Yantai
47%
Shandong Zibo
47%
Jiangsu Lianyungang
42%
Fujian Quanzhou
42%
Jiangsu Huai'an
37%
Shandong Linyi
37%
Jiangsu Zhenjiang
37%
Zhejiang Cixi
32%
Jiangxi Ganzhou
32%
Fujian Putian
32%
Shandong Rizhao
32%
Zhejiang Shaoxing
32%
Shandong Weifang
32%
Shandong Weihai
32%
Jiangsu Yancheng
32%
Zhejiang Yiwu
32%
Anhui Bengbu
26%
Anhui Huainan
26%
Anhui Ma'anshan
26%
Shandong Zaozhuang
26%
Jiangsu Jiangyin
21%
Zhejiang Jinhua
21%
Shandong Jining
21%
Anhui Lu'an
21%
Jiangsu Suqian
21%
Zhejiang Zhoushan
21%
Jiangsu Changshu
16%
Shandong Dezhou
16%
Anhui Fuyang
16%
Anhui Huaibei
16%
Zhejiang Jiaxing
16%
Jiangxi Jiujiang
16%
Shandong Tai'an
16%
Shandong Tengzhou
16%
Anhui Anqing
11%
Anhui Chuzhou
11%
Shandong Heze
11%
Zhejiang Lishui
11%
Shandong Binzhou
5%
Jiangsu Danyang
5%
Shandong Dongying
5%
Fujian Fuqing
5%
Fujian Nanping
5%
Jiangsu Yixing
5%
Anhui Bozhou
0%
Shandong Feicheng
0%
Jiangsu Haimen
0%
Jiangsu Jingjiang
0%
Shandong Laiwu
0%
Shandong Liaocheng
0%
Zhejiang Linhai
0%
Jiangsu Pizhou
0%
Jiangsu Qidong
0%
Jiangsu Rugao
0%
Shandong Shouguang
0%
Jiangsu Taixing
0%
Zhejiang Wenling
0%
Jiangsu Xinyi
0%
Jiangsu Zhangjiagang
0%
Shandong Zhangqiu
0%
Shandong Zhucheng
0%
Zhejiang Zhuji
0%
Shandong Zoucheng
0%
No matching quizzes found
Score Distribution
Percent of People with Each Score
Percentile by Number Answered
Your Score History
You have not taken this quiz